000 00581nam a2200229Ia 4500
003 OSt
005 20220918194139.0
006 a|||||r|||| 00| 0
007 ta
008 220917b |||||||| |||| 00| 0 eng d
024 _a77,985
037 _cTextual
040 _aARTS
_cARTS
_beng
041 _2eng
_aeng
082 _aSy8, K82-;1
100 _aCandland Douglas K
_983697
245 0 _aPsychology
_b the experimental approach
260 _c1968
650 _aPSYCHOLOGY
942 _hSy8, K82-;1
_cTEXL
_2CC
999 _c201840
_d201840